• 首页
  • 本馆介绍
  • 公告通知
  • 最新文献
  • 馆藏检索
  • 电子资源
  • 读者导购
  • 参考咨询
  • 我的图书馆
  • 登录
  • 详细信息显示
  • 放入我的书架
  • 预约/预借图书
  • 作者相关作品
  • 分类相关作品
  • 丛书相关作品
  • 出版社相关作品

书目信息

  • 表格格式
  • 工作单格式
  • 卡片格式
题名:
协同学习系统的建构与应用
    
 
作者: 王佑镁 著
分册:  
出版信息: 北京   中国社会科学出版社  2013
页数: 384页
开本: 24cm
丛书名: 当代浙江学术文库
单 册:
中图分类: G434
科图分类:
主题词: 协同--学习系统--系统模型 , 协同 , 学习系统 , 系统模型
电子资源:
ISBN: 978-7-5161-3134-3
000 01280nam0 2200313 450
001 523
005 20140910080842.90
010    @a978-7-5161-3134-3@dCNY76.00
100    @a20140228d2013 em y0chiy50 ea
101 0  @achi@deng
102    @aCN@b110000
105    @aa z 001yy
106    @ar
200 1  @a协同学习系统的建构与应用@AXie Tong Xue Xi Xi Tong De Jian Gou Yu Ying Yong@e一种设计研究框架@EYi Zhong She Ji Yan Jiu Kuang Jia@f王佑镁著@FWang You Mei Zhu
210    @a北京@c中国社会科学出版社@d2013
215    @a384页@c图@d24cm
225 2  @a当代浙江学术文库
300    @a2012年度浙江省社科联省级社会科学学术著作出版资金全额资助出版(编号:2012CBZ03) 浙江省哲学社会科学规划一般课题(编号:12CBZZ03)
330    @a本书系统地构建协同学习的理论模型与框架、协同学习原理与机制、协同学习设计与应用框架,并通过实证分析来检验和完善协同学习系统模型及其框架,为学习系统变革及教学改革提供了一种理论模型与实践框架。
461  0 @12001 @a当代浙江学术文库
517 1  @a一种设计研究框架@AYi Zhong She Ji Yan Jiu Kuang Jia
606 0  @a协同@x学习系统@x系统模型
606 0  @a协同
606 0  @a学习系统
606 0  @a系统模型
690    @aG434@v5
701  0 @a王佑镁@AWang You Mei@f(1974.9-)@4著
801  0 @aCN@bTANGWEI@c20140603
905    @b0840082-84@dG434@e107@f3
    
    协同学习系统的建构与应用:一种设计研究框架/王佑镁著.-北京:中国社会科学出版社,2013
    384页:图;24cm.-(当代浙江学术文库)
    2012年度浙江省社科联省级社会科学学术著作出版资金全额资助出版(编号:2012CBZ03) 浙江省哲学社会科学规划一般课题(编号:12CBZZ03)
    
    ISBN 978-7-5161-3134-3:CNY76.00
    本书系统地构建协同学习的理论模型与框架、协同学习原理与机制、协同学习设计与应用框架,并通过实证分析来检验和完善协同学习系统模型及其框架,为学习系统变革及教学改革提供了一种理论模型与实践框架。
●
相关链接 在E读中查询图书 在五车中查询图书 在当当中查询图书 在豆瓣中查询图书


正题名:协同学习系统的建构与应用     索取号:G434/107         预约/预借

序号 登录号 条形码 馆藏地/架位号 状态 备注
1 0840082   208400826   第一样本阅览室/ [索取号:G434/107] 在馆    
2 0840083   208400835   密集书库-史法系/ [索取号:G434/107] 在馆    
3 0840084   208400844   物理系资料室/ [索取号:G434/107] 在馆    
唐山师范学院图书馆 欢迎您!
大连网信软件有限公司© 版权所有